000
00320nam a22001337a 4500
020
_a
9698854002
040
_c
NUST
082
_a
297 IQB
100
_a
Hussain, Iqbal S.
_9
328
245
_a
The Decline of the Muslim Ummah
260
_a
Lahore:
_b
Humanity International,
_c
2004.
650
_a
Islam
942
_2
ddc
_c
BK
999
_c
594976
_d
594976